Allocuçao do vicepresidente Virgilio Machado e relatorio des trabalhos da Academia pelo secretario geral Adriano Augusto de Pina Vidal. (Record no. 95939)

MARC details
000 -LEADER
campo de control de longitud fija 00791nam a2200205 i 4500
001 - NÚMERO DE CONTROL
campo de control 95939
003 - IDENTIFICADOR DE NÚMERO DE CONTROL
campo de control ES-MaACL
005 - FECHA Y HORA DE LA ÚLTIMA TRANSACCIÓN
campo de control 20230906181815.0
007 - CAMPO FIJO DE DESCRIPCIÓN FÍSICA--INFORMACIÓN GENERAL
campo de control de longitud fija t|
008 - DATOS DE LONGITUD FIJA--INFORMACIÓN GENERAL
campo de control de longitud fija 050608s1905 po ||||1| por d
100 1# - ENTRADA PRINCIPAL--NOMBRE DE PERSONA
Nombre de persona Machado, Virgilio.
9 (RLIN) 75169
245 10 - MENCIÓN DEL TÍTULO
Título Allocuçao do vicepresidente Virgilio Machado e relatorio des trabalhos da Academia pelo secretario geral Adriano Augusto de Pina Vidal.
260 ## - PUBLICACIÓN, DISTRIBUCIÓN, ETC.
Lugar de publicación, distribución, etc. Lisboa :
Nombre del editor, distribuidor, etc. [s.n.],
Fecha de publicación, distribución, etc. 1905 (
Fabricante Typ. da Academia)
300 ## - DESCRIPCIÓN FÍSICA
Extensión XXVII, 72 p. ;
Dimensiones 23 cm.
594 ## - Nota al título y mención de responsabilidad
Nota al título y mención de responsabilidad Precede al tít.: Sessao publica da Academia Real da Sciencias de Lisboa... 1905.
610 24 - PUNTO DE ACCESO ADICIONAL DE MATERIA--NOMBRE DE ENTIDAD CORPORATIVA
Nombre de entidad corporativa o nombre de jurisdicción como elemento de entrada Academia das Ciências de Lisboa.
9 (RLIN) 1159
700 1# - ENTRADA AGREGADA--NOMBRE PERSONAL
Nombre de persona Pina Vidal, Adriano Augusto de.
9 (RLIN) 92069
710 2# - ENTRADA AGREGADA--NOMBRE DE ENTIDAD CORPORATIVA
Nombre de entidad corporativa o nombre de jurisdicción como elemento de entrada Academia das Ciências de Lisboa.
9 (RLIN) 1159
852 ## - LOCALIZACIÓN
Ubicación ES-MaACL
Número de control de estantería T-1162-F-4
Holdings
Estatus retirado Estado de pérdida Estado de daño No para préstamo Colección Biblioteca de origen Biblioteca actual Ubicación en estantería Fecha de adquisición Fuente de adquisición Total de préstamos Signatura topográfica completa Código de barras Visto por última vez Precio de reemplazo Tipo de ítem Koha
        Colección de folletos Biblioteca del Ateneo de Madrid Biblioteca del Ateneo de Madrid Depósito folletos 17/01/2008     T-1162-F-4 1100174 23/02/2023 23/02/2023 Folleto